Ein Gleichverteilungssatz für Systeme homogener Linearformen modulo p

Elmentve itt :
Bibliográfiai részletek
Szerzők: Rédei László
Weinert Hanns Joachim
Dokumentumtípus: Cikk
Megjelent: 1966
Sorozat:Acta scientiarum mathematicarum 27 No. 1-2
Kulcsszavak:Természettudomány, Matematika, Művelődés
Online Access:http://acta.bibl.u-szeged.hu/14095
LEADER 00720nab a2200193 i 4500
001 acta14095
005 20210409154708.0
008 161015s1966 hu o 0|| ger d
022 |a 0001-6969 
040 |a SZTE Egyetemi Kiadványok Repozitórium  |b hun 
041 |a ger 
100 1 |a Rédei László 
245 1 0 |a Ein Gleichverteilungssatz für Systeme homogener Linearformen modulo p  |h [elektronikus dokumentum] /  |c  Rédei László 
260 |c 1966 
300 |a 41-43 
490 0 |a Acta scientiarum mathematicarum  |v 27 No. 1-2 
695 |a Természettudomány, Matematika, Művelődés 
700 0 1 |a Weinert Hanns Joachim  |e aut 
856 4 0 |u http://acta.bibl.u-szeged.hu/14095/1/math_027_fasc_001_002_041-043.pdf  |z Dokumentum-elérés